000 00505nam a22001817a 4500
999 _c5297
_d5297
003 GBCCL
005 20241126110538.0
008 180313b ||||| |||| 00| 0 eng d
020 _a1852401923
040 _cgbc
082 _a242.2
_bHAY
100 _aHayford, Jack
_99554
245 _aOur Daily Walk:
_bStarting your day with Jesus /
_cJack Hayford
260 _aEngland:
_bSovereign World,
_c1997
300 _a92 p.;
_c20 cm.
651 _aDevotional Literature, Meditations
_99555
942 _2ddc
_cBK
_01